| 000 | 00865nam a2200253 a 4500 | ||
|---|---|---|---|
| 005 | 20191224041552.0 | ||
| 008 | 140225b1997 gw ||||| |||| 00| 0 eng d | ||
| 040 |
_aCO-BoIAVH _cCO-BoIAVH |
||
| 041 | 0 | _aeng | |
| 044 | _agx | ||
| 082 | 0 | 4 |
_a001.406 _bA37h |
| 110 | 2 | _aAlexander von Humboldt Stiftung | |
| 245 | 1 | 0 |
_aAlexander von Humboldt-Stiftung : _bJahresberich 1996 |
| 246 | 3 |
_aAlexander von Humboldt Foundation : _bAnnual report 1996 |
|
| 260 |
_aBonn : _bAlexander von Humboldt-Stiftung, _c1997. |
||
| 300 |
_a215 páginas ; _c21 x 14 cm. |
||
| 610 | 2 | 0 | _aAlexander von Humboldt Foundation |
| 650 | 2 | 6 |
_aInvestigación _xOrganizaciones _xReportes |
| 650 | 2 | 6 | _aApoyo a la investigación |
| 650 | 2 | 6 | _aDesarrollo institucional |
| 650 | 2 | 6 | _aLineas de investigación |
| 662 | _aAlemania | ||
| 942 |
_cLIBRO _2ddc |
||
| 999 |
_c1073 _d1073 |
||